Documentary and geological records of Tsunamis in the Aegean sea region of Greece and their potential value to risk assessment and disaster management (Record no. 53562)

000 -LEADER
fixed length control field 00458pab a2200145 454500
008 - FIXED-LENGTH DATA ELEMENTS--GENERAL INFORMATION
fixed length control field 180718b2002 xxu||||| |||| 00| 0 eng d
100 ## - MAIN ENTRY--PERSONAL NAME
Personal name Dominey-Howes, Dale
245 ## - TITLE STATEMENT
Title Documentary and geological records of Tsunamis in the Aegean sea region of Greece and their potential value to risk assessment and disaster management
260 ## - PUBLICATION, DISTRIBUTION, ETC.
Date of publication, distribution, etc. 2002
300 ## - PHYSICAL DESCRIPTION
Extent p.195-224.
362 ## - DATES OF PUBLICATION AND/OR SEQUENTIAL DESIGNATION
Dates of publication and/or sequential designation Mar
650 ## - SUBJECT ADDED ENTRY--TOPICAL TERM
Topical term or geographic name entry element Disasters
773 ## - HOST ITEM ENTRY
Main entry heading Natural Hazards
909 ## -
-- 53562
Holdings
Withdrawn status Lost status Damaged status Not for loan Permanent Location Current Location Date acquired Serial Enumeration / chronology Barcode Date last seen Price effective from Koha item type
        Indian Institute of Public Administration Indian Institute of Public Administration 2018-07-19 Volume no: 25, Issue no: 3 AR54007 2018-07-19 2018-07-19 Articles

Powered by Koha